Nata Hosťovecká: Hra na štvrtú ženu

Podrobná bibliografia
Hlavný autor: Križka, Teodor, 1956- (Autor)
Médium: Článok
Jazyk:slovenčina
Predmet:

MARC

LEADER 00000nab a2200000 a 4500
001 vtls000183981
003 SK-MaSNL
005 20260304071826.0
008 250423c1984 xo 0 slo
015 |a SNBRB19rr/mm-uuuuu 
035 |a CL0194094 
035 |a urn:nbn:sk:snk-abeks1 
035 |a (urnnbn)urn:nbn:sk:snk:ar-000561 
035 |a (uuid)44aafc08-b282-478d-b2bd-e9a34b193e18 
040 |a SNKBUCL  |b slo  |c SNKBUCL  |e AACR2 
041 0 |a slo 
044 |a xo  |c SK 
080 |a 82.09:885.4-1(048)  |2 1981 
080 |a 885.4-1(048)  |2 1981 
100 1 |a Križka, Teodor,  |d 1956-  |4 aut  |9 206539 
245 1 0 |a Nata Hosťovecká: Hra na štvrtú ženu  |c Teodor Križka 
500 |a V rubrike Knihy 
650 0 7 |a slovenská poézia  |2 snkbucl  |9 215422 
655 7 |a recenzie  |2 snkbucl  |9 21907 
655 7 |a články z novín a časopisov  |2 snkbucl  |9 267496 
655 7 |a články z odboru literárna veda a krásna literatúra  |2 snkbucl  |9 770045 
773 0 |t Slovenské pohľady  |g Roč. 100, č. 5 (1984), s. 130-131 
787 0 8 |i Rec.:  |a Hosťovecká, Nata  |t Hra na štvrtú ženu  |d Bratislava : Slovenský spisovateľ, 1983 
850 |a Slovenská národná knižnica 
852 |a Slovenská národná knižnica 
954 |a odborná, vedecká literatúra pôvodná (slovenská)  |2 lita 
958 |a article27 
958 |a BX 
958 |a RK 
958 |a LX 
958 |a OND 
958 |a EUIPO 
992 |a RBX 
999 |c 2762345  |d 2764275